(Junior) Eurovision countries map quiz - Statistics

General Stats
  • This quiz has been taken 275 times
  • The average score is 47 of 54
Answers on the Map
Answers color-coded by a green-red scale on the quiz's map according to % correct below.
 
Answer Stats
Countries % Correct
United Kingdom
98%
France
97%
Germany
96%
Poland
96%
Portugal
96%
Spain
96%
Belarus
95%
Norway
95%
Russia
95%
Italy
94%
Sweden
94%
The Netherlands
94%
Ukraine
94%
Armenia
93%
Georgia
93%
Serbia
93%
Belgium
92%
Greece
92%
Ireland
92%
Albania
91%
Croatia
91%
Denmark
91%
Estonia
91%
Finland
90%
Latvia
90%
Austria
89%
Cyprus
89%
Malta
89%
Romania
89%
Switzerland
89%
Australia
88%
Bulgaria
88%
Lithuania
88%
Moldova
88%
North Macedonia
88%
Slovenia
88%
Azerbaijan
87%
Montenegro
87%
Slovakia
86%
Turkey
86%
Bosnia & Herzegovina
85%
Hungary
84%
Iceland
84%
Israel
84%
Kazakhstan
83%
Luxembourg
83%
Czech Republic
82%
San Marino
79%
Andorra
77%
Monaco
72%
Morocco
69%
Yugoslavia
63%
Serbia & Montenegro
60%
Wales
50%
No matching quizzes found
Score Distribution
Percent of People with Each Score
Percentile by Number Answered
Your Score History
You have not taken this quiz